The celebrated jumping frog, and other stories / (Record no. 1246)

MARC details
000 -LEADER
fixed length control field 01297cam a2200277 a 4500
005 - DATE AND TIME OF LATEST TRANSACTION
control field 20230821150635.0
020 ## - INTERNATIONAL STANDARD BOOK NUMBER
International Standard Book Number 0895774151
040 ## - CATALOGING SOURCE
Original cataloging agency DLC
Transcribing agency DLC
Modifying agency DLC
Language of cataloging eng
050 00 - LIBRARY OF CONGRESS CALL NUMBER
Classification number PS1322
Item number .C4 1997.
082 00 - DEWEY DECIMAL CLASSIFICATION NUMBER
Classification number 813/.4
Edition number 20
100 1# - MAIN ENTRY--PERSONAL NAME
Personal name Twain, Mark,
Dates associated with a name 1835-1910.
245 14 - TITLE STATEMENT
Title The celebrated jumping frog, and other stories /
Statement of responsibility, etc. Mark Twain ; illustrations by Joseph Ciardiello ; afterword by Edward Wagenknecht.
260 ## - PUBLICATION, DISTRIBUTION, ETC.
Place of publication, distribution, etc. Pleasantville, N.Y. :
Name of publisher, distributor, etc. Reader's Digest Association,
Date of publication, distribution, etc. 1997.
300 ## - PHYSICAL DESCRIPTION
Extent 86 pages :
Other physical details Illustrations ;
Dimensions 18 cm
490 0# - SERIES STATEMENT
Series statement The World's best reading
505 ## - FORMATTED CONTENTS NOTE
Formatted contents note Z <br/>
520 ## - SUMMARY, ETC.
Summary, etc. During his life, Mark Twain was known worldwide for his tales and sketches, many of them humorous. He first made his name with pieces like "The Celebrated Jumping Frog of Calaveras County," full of local color and slang. His humor later acquired an edge. In "The Man that Corrupted Hadleyburg," uncontrollable greed undoes an entire community.
521 ## - TARGET AUDIENCE NOTE
Target audience note 1000 <br/>
Source Lexile <br/>
521 ## - TARGET AUDIENCE NOTE
Target audience note R <br/>
Source Raz-Plus <br/>
650 #0 - SUBJECT ADDED ENTRY--TOPICAL TERM
Topical term or geographic name entry element Humorous stories, American.
700 12 - ADDED ENTRY--PERSONAL NAME
Personal name Twain, Mark,
Dates associated with a name 1835-1910.
Title of a work Celebrated jumping frog of Calaveras County.
906 ## - LOCAL DATA ELEMENT F, LDF (RLIN)
a 7
b cbc
c orignew
d 3
e opcn
f 19
g y-gencatlg
942 ## - ADDED ENTRY ELEMENTS (KOHA)
Source of classification or shelving scheme Dewey Decimal Classification
Koha item type Books
Suppress in OPAC No
999 ## -
-- 1246
-- 1246
Holdings
Withdrawn status Lost status Source of classification or shelving scheme Damaged status Not for loan Collection Home library Current library Shelving location Date acquired Total Checkouts Full call number Barcode Date last seen Price effective from Koha item type
    Dewey Decimal Classification     Fiction Footprints International School Library Network Toul Kork Campus Footprints International School Library Network Toul Kork Campus   08/09/2023   TWA Fic PS1303 FISSE00641 08/09/2023 08/09/2023 Books